000 00654nam a2200289Ia 4500
005 20260324151020.0
008 008 260324s9999 xx 000 0 eng d
020 _a9781315009735
037 _aEBOOK
040 _aCRL
040 _beng
040 _cCRL
041 _2eng
041 _aeng
084 _qCRL
100 _aE.L. Thorndike
_91228429
245 0 _aEducation Psychology
245 0 _bBRIEFER COURSE
260 _bTaylor and Francis
260 _c1914
365 _a
365 _b540
856 _uhttp://www.taylorfrancis.com/books/9781315009735
942 _cEBOOK
999 _c1838843
_d1838843